| 000 | 00513nam a22001937a 4500 | ||
|---|---|---|---|
| 005 | 20240802091129.0 | ||
| 008 | 240321b |||||||| |||| 00| 0 eng d | ||
| 020 | _a9788123918631 | ||
| 082 |
_a611 _bCHA-H |
||
| 100 | _aChaurasia's B.D | ||
| 245 |
_aHuman Anatomy / _bUpper Limb and Thorox ; _cChaurasia's B.D |
||
| 250 | _a4th ed. | ||
| 260 |
_aIndia : _bCBS : _c2007 |
||
| 300 |
_a288p. : _bill : _c27.5 cm. |
||
| 490 | _vvol 1: | ||
| 500 | _aInclude Index . | ||
| 650 | _aMedical / Anatomy | ||
| 999 |
_c35423 _d35423 |
||